000 00548cam a2200193 4500
001 D6161
008 090401t1977 xxu||||| |||| 00| 0 eng d
035 _a(Sirsi) u87942
041 _aeng
050 _a692.8
110 _aJoint Contracts Tribunal
_93664
245 _aAgreement for minor building works (not for use in Scotland)
260 _aLondon
_bRIBA Publications
_c1977
300 _a6p. 30cm
350 _a0.35
520 _aFirst issued June 1968, revised February 1977 ; Filed at JCT 1977/5AC
942 _n0
948 _c04/03/1997
999 _c97284
_d97284